| 000 | 01772nam0a22004091 4500 | ||
|---|---|---|---|
| 001 | RU\NLR\BIBL_A\016329348 | ||
| 005 | 20230411114602.0 | ||
| 010 |
_a978-5-907584-42-6 _91000 |
||
| 021 |
_aRU _bКН-П-23-011164 _9КН-П-23-1097 |
||
| 035 | _a(NLR Aleph) 016329348 | ||
| 035 | _a(RuMoRGB)011607252 | ||
| 090 |
_a13055664 _c13055664 |
||
| 100 | _a20230330d2022 u y0rusy50 ca | ||
| 101 | 1 | _achi | |
| 102 | _aRU | ||
| 105 | _ay 000|y | ||
| 181 | 1 |
_ai _b e |
|
| 182 | 1 | _an | |
| 200 | 1 |
_aСтихи в жанре юэфу _d乐府诗集 _eпрописи по каллиграфии _fТянь Инчжан _zchi _e[для изучающих китайский язык] |
|
| 203 |
_aТекст _bвизуальный _cнепосредственный |
||
| 210 |
_aМосква _cШанс _d2022 _eВолгоград |
||
| 215 |
_a72 с. _d28 см |
||
| 300 | _aКит | ||
| 300 | _aЗагл. также кит.: 乐府诗集 / 田英章 [著] | ||
| 330 | _aВ серию прописей вошли фрагменты канонов и других классических произведений. Пособие поможет не только запомнить иероглифы и обогатить словарный запас, но и познакомит с выдающимися образцами китайской литературы | ||
| 333 | _a0+ | ||
| 606 |
_aИероглифы китайские _2RuMoRGB |
||
| 606 |
_aКитайский язык _xПрописи _2RuMoRGB |
||
| 675 |
_a811.581(075) _v4 |
||
| 686 |
_a81.711я7 _2rubbks |
||
| 700 | 1 | _aТянь Инчжан | |
| 790 | 1 | _a田英章 | |
| 852 |
_aNLR _bОЛСАА-кит. _j4-2900 |
||
| 942 | _cBOOK | ||
| 980 | 1 | _aCHIN | |
| 980 | _aNB | ||